000 01906nam a22003854a 4500
001 ebr10225144
003 CaPaEBR
006 m u
007 cr cn|||||||||
008 070307s2007 nyua sb 001 0 eng
010 _z 2007009788
020 _z9781593322113 (alk. paper)
020 _z1593322119 (alk. paper)
040 _aCaPaEBR
_cCaPaEBR
035 _a(OCoLC)608569589
043 _an-us---
050 1 4 _aHV9104
_b.O985 2007eb
100 1 _aOwens-Sabir, Mahasin Cecelia.
245 1 4 _aThe effects of race and family attachment on self-esteem, self-control, and delinquency
_h[electronic resource] /
_cMahasin C. Owens-Sabir.
260 _aNew York :
_bLFB Scholarly Pub.,
_c2007.
300 _axi, 198 p. :
_bill.
490 1 _aCriminal justice : recent scholarship
504 _aIncludes bibliographical references (p. 187-194) and index.
505 0 _aSocial bonding, the general theory of deviance, and self-control -- The data set and variables -- Descriptive information -- Findings for full sample -- Findings for Native Americans -- Findings for African Americans -- Findings for whites -- Summary of racial group findings -- Findings for social bonding, self-esteem and self-control -- Summary and conclusions.
533 _aElectronic reproduction.
_bPalo Alto, Calif. :
_cebrary,
_d2013.
_nAvailable via World Wide Web.
_nAccess may be limited to ebrary affiliated libraries.
650 0 _aJuvenile delinquency
_zUnited States.
650 0 _aFamilies
_zUnited States.
650 0 _aRace
_zUnited States.
650 0 _aSelf-esteem
_zUnited States.
650 0 _aSelf-control
_zUnited States.
655 7 _aElectronic books.
_2local
710 2 _aebrary, Inc.
830 0 _aCriminal justice (LFB Scholarly Publishing LLC)
856 4 0 _uhttp://site.ebrary.com/lib/rucke/Doc?id=10225144
_zAn electronic book accessible through the World Wide Web; click to view
999 _c40755
_d40755